[Event "40th Olympiad Open"]
[Site "Istanbul TUR"]
[Date "2012.08.28"]
[Round "1.6"]
[White "Ding Liren"]
[Black "Bwalya,Gillan"]
[Result "1-0"]
[WhiteElo "2695"]
[BlackElo "2256"]

1.Nf3 Nf6 2.c4 e6 3.d4 d5 4.Nc3 Be7 5.Bf4 O-O 6.e3 c6 7.Bd3 dxc4 8.Bxc4 Nd5
9.O-O Nxf4 10.exf4 Nd7 11.Qe2 Nf6 12.Rad1 Nd5 13.g3 Nxc3 14.bxc3 Bf6 15.h4 Qa5
16.Ng5 g6 17.Rd3 Bd7 18.Re3 Rad8 19.Rb1 Bc8 20.Qf3 a6 21.h5 b5 22.Bb3 Qc7
23.hxg6 hxg6 24.Qh1 Rfe8 25.Qh7+ Kf8 26.Rbe1 Bg7 27.Re5 b4 28.cxb4 Rxd4 29.f5 Bxe5
30.Rxe5 gxf5 31.Bxe6 Bxe6 32.Rxe6  1-0

[Event "40th Olympiad Women"]
[Site "Istanbul TUR"]
[Date "2012.08.28"]
[Round "1.28"]
[White "Medic,Mir"]
[Black "Al-Khalidi,Aisha Ali Ahmed"]
[Result "1-0"]
[WhiteElo "2185"]
[BlackElo "1597"]

1.d4 d5 2.c4 e6 3.Nc3 Nf6 4.Nf3 Be7 5.Bf4 O-O 6.e3 dxc4 7.Bxc4 a6 8.O-O b5
9.Bd3 Bb7 10.Rc1 Nbd7 11.Ng5 c5 12.Qc2 h6 13.Nge4 cxd4 14.exd4 Rc8 15.Qe2 Nb6
16.Be5 Nbd5 17.Nxf6+ Bxf6 18.a4 Bxe5 19.Qxe5 Nxc3 20.bxc3 bxa4 21.c4 Qc7
22.Qe3 Rfd8 23.Rfd1 Kh8 24.Bb1 Qa5 25.Qd3 g6 26.Qe3 Qg5 27.Qxg5 hxg5 28.Ba2 Rc7
29.Rd2 Bd5 30.Rcc2 Be4 31.Rc1 Bd5 32.f3 Rdc8 33.Rdc2 Ba8 34.Rb1 g4 35.Kf2 Kg7
36.Rb6 gxf3 37.gxf3 Rd8 38.Ke3 Rcd7 39.Rd2 Rd6 40.Rb4 Bc6 41.Rb6 Be8 42.Rb1 f5
43.Rb4 Kf6 44.c5 Rc6 45.Rxa4 Rxc5 46.dxc5 Rxd2 47.Rxa6 Re2+ 48.Kxe2 Bb5+
49.Ke3 Bxa6 50.f4 e5 51.h4 exf4+ 52.Kxf4 Bb7 53.Bb3 Bc6 54.Bc4 Be8 55.Bd5 Bd7
56.Bb7 Kf7 57.Ke5 Ke7 58.Bf3 Be8 59.Bb7 Bd7 60.c6 Bxc6 61.Bxc6 Kf7 62.Bd5+ Kg7
63.Kf4 Kf8 64.Kg5 Kg7 65.Bc4 Kh7 66.Bf7 f4 67.Kxf4 Kh6 68.Kg4 Kg7 69.Be8 Kh6
70.Bb5 Kh7 71.Kg5 Kg7 72.Bd3 Kh7 73.h5 Kg7 74.hxg6  1-0

[Event "40th Olympiad Open"]
[Site "Istanbul TUR"]
[Date "2012.08.29"]
[Round "2.7"]
[White "Macieja,B"]
[Black "Murillo,Alex"]
[Result "1-0"]
[WhiteElo "2594"]
[BlackElo "2278"]

1.Nf3 d5 2.d4 Nf6 3.c4 e6 4.Nc3 Be7 5.Bf4 O-O 6.e3 b6 7.Bd3 Bb7 8.cxd5 exd5
9.O-O c5 10.dxc5 bxc5 11.Rc1 Na6 12.Be5 c4 13.Bb1 Nc5 14.Qe2 Ba6 15.Rcd1 Nd3
16.Bxf6 Bxf6 17.Ne1 Bxc3 18.bxc3 Nxe1 19.Rfxe1 Qa5 20.Qd2 Bb7 21.h4 Qb6 22.Bc2 Qf6
23.Qd4 Qxd4 24.Rxd4 Rac8 25.Bd1 Rc5 26.Bf3 Ra5 27.Re2 g6 28.Red2 Ra3 29.Rc2 Ra5
30.Rcd2 Ra3 31.Bxd5 Bxd5 32.Rxd5 Rxc3 33.Rc5 Rb8 34.g3 Rb6 35.Rd4 Ra6 36.Rf4 Rc1+
37.Kg2 c3 38.Rc7 c2 39.Rfxf7 Rd1 40.Rg7+ Kh8 41.Rxh7+ Kg8 42.Rcg7+ Kf8 43.Rb7  1-0

[Event "40th Olympiad Open"]
[Site "Istanbul TUR"]
[Date "2012.08.30"]
[Round "3.30"]
[White "Abdyjapar,Asyl"]
[Black "Li Ruofan"]
[Result "1-0"]
[WhiteElo "2365"]
[BlackElo "2419"]

1.c4 e6 2.Nc3 d5 3.d4 Nf6 4.Nf3 Be7 5.Bf4 O-O 6.e3 b6 7.cxd5 Nxd5 8.Nxd5 exd5
9.Bd3 c5 10.dxc5 bxc5 11.O-O Nd7 12.e4 d4 13.Rc1 Bb7 14.Re1 a5 15.Nd2 a4
16.e5 Bd5 17.a3 Nb6 18.Qh5 g6 19.Qh6 Rc8 20.h4 Bxh4 21.Be4 Be7 22.Nf3 Bxe4
23.Ng5 Bxg5 24.Bxg5 f6 25.Bxf6 Qc7 26.Rxc5 Qf7 27.Rxc8 Nxc8 28.Rxe4 Ne7 29.Bxe7 Qxe7
30.Qd2 Qc5 31.Qxd4 Qc1+ 32.Kh2 Qh6+ 33.Rh4 Qg5 34.g3 Rf5 35.Qc4+ Kg7 36.Qc7+ Kf8
37.f4 Qe7 38.Qxe7+ Kxe7 39.Rxh7+ Ke6 40.Kh3 Rf8 41.Kg4 Rb8 42.Ra7 Rxb2 43.Rxa4 Rb3
44.Ra6+ Kf7 45.Kh4 Rf3 46.a4  1-0

[Event "40th Olympiad Women"]
[Site "Istanbul TUR"]
[Date "2012.08.31"]
[Round "4.3"]
[White "Rajlich,I"]
[Black "Pokorna,Reg"]
[Result "1/2-1/2"]
[WhiteElo "2412"]
[BlackElo "2353"]

1.Nf3 d5 2.c4 e6 3.d4 Nf6 4.Nc3 Be7 5.Bf4 O-O 6.e3 Nbd7 7.Be2 dxc4 8.O-O c5
9.dxc5 Nxc5 10.Bxc4 a6 11.Qxd8 Rxd8 12.Bc7 Re8 13.b4 Nce4 14.Nxe4 Nxe4 15.Bd3 Nc3
16.a3 Nd5 17.Rac1 Nxc7 18.Rxc7 Bd6 19.Rc3 Rd8 20.Rd1 Kf8 21.Bc2 Ke7 22.Rcd3 e5
23.Ng5 Be6 24.Nxe6 fxe6 25.Rb3 h6 26.Be4 Rd7 27.Rbd3 Rad8 28.g3 Rc7 29.Kg2 b6
30.h4 Rdd7 31.h5 a5 32.bxa5 bxa5 33.Rb1 Bc5 34.a4 Bb4 35.Rxd7+ Kxd7 36.Bd3 Ke7
37.Rd1 Rd7 38.Kf3 Kf6 39.Ke4 Rd5 40.Rh1 Rc5 41.Rf1 Kg5 42.Rh1 Kf6 43.Rg1 Kg5
44.Be2 Kf6 45.Bb5 Rd5 46.Rh1 Rc5 47.f4 Ba3 48.Be8 Ke7 49.Bb5 Kf6 50.Be8 Ke7
51.Bb5 Kf6 52.Be8 Ke7  1/2-1/2

[Event "40th Olympiad Open"]
[Site "Istanbul TUR"]
[Date "2012.08.31"]
[Round "4.4"]
[White "Vachier Lagrave,M"]
[Black "Adams,Mi"]
[Result "1/2-1/2"]
[WhiteElo "2686"]
[BlackElo "2722"]

1.d4 Nf6 2.c4 e6 3.Nf3 d5 4.Nc3 Be7 5.Bf4 O-O 6.e3 Nbd7 7.Qc2 c5 8.Rd1 cxd4
9.Rxd4 Qa5 10.Bg3 Nb6 11.Nd2 dxc4 12.Bxc4 Nxc4 13.Nxc4 Qa6 14.O-O Rd8 15.Rxd8+ Bxd8
16.Ne5 Bd7 17.Nxd7 Nxd7 18.Rd1 Nf6 19.Rd6 Qc4 20.Rd4 Qc6 21.Qb3 h6 22.h3 Ba5
23.Rc4 Qd7 24.Be5 Ne8 25.Rd4 Qc6 26.Rc4 Qd7 27.Rd4 Qc6 28.Qa4 Qxa4 29.Rxa4 Bc7
30.Bxc7 Nxc7 31.Rc4 Ne8 32.Rb4 Rb8 33.Nb5 a6 34.Nd4 b5 35.a4 Nd6 36.axb5 axb5  1/2-1/2

[Event "40th Olympiad Women"]
[Site "Istanbul TUR"]
[Date "2012.09.01"]
[Round "5.27"]
[White "Nur,Nab"]
[Black "Nazarova,Anastasia"]
[Result "0-1"]
[WhiteElo "1910"]
[BlackElo "1693"]

1.d4 d5 2.c4 e6 3.Nf3 Nf6 4.Nc3 Be7 5.Bf4 O-O 6.Qc2 c5 7.e3 b6 8.cxd5 Nxd5
9.Nxd5 exd5 10.Bd3 h6 11.O-O Be6 12.Ne5 c4 13.Be2 Qc8 14.Bf3 Nc6 15.Rfd1 b5
16.a4 Nxe5 17.dxe5 Qb7 18.b3 Rfc8 19.bxc4 Rxc4 20.Qd3 Rc5 21.e4 d4 22.axb5 Rxb5
23.Qxd4 Rb4 24.Qe3 Rb3 25.Qe1 Rc8 26.Be3 Rc7 27.Bxa7 Bb4 28.Rd8+ Kh7 29.Qd1 Bc3
30.Rc1 Qxa7 31.Rd3 Qa5 32.Bg4 Bxe5 33.Rxb3 Bxb3 34.Qf1 Rxc1 35.Qxc1 Bf4 36.Qb1 Bc2
37.Qf1 Bxe4 38.g3 Bd6 39.f3 Bc6 40.Qd3+ g6 41.Qxd6 Qb6+ 42.Kg2 Bxf3+ 43.Bxf3 Qxd6
44.Kf2 Qd2+ 45.Be2 f5 46.h3 g5 47.Kf3 g4+ 48.hxg4 fxg4+ 49.Kf2 h5 50.Kf1 Qe3
51.Bxg4 hxg4 52.Kg2 Kg6 53.Kh2 Kf5 54.Kg2 Qf3+ 55.Kh2 Ke5  0-1

[Event "40th Olympiad Open"]
[Site "Istanbul TUR"]
[Date "2012.09.01"]
[Round "5.33"]
[White "Banikas,H"]
[Black "Mieles Palau,D"]
[Result "1-0"]
[WhiteElo "2623"]
[BlackElo "2370"]

1.Nf3 d5 2.d4 Nf6 3.c4 e6 4.Nc3 Be7 5.Bf4 O-O 6.e3 c5 7.dxc5 Bxc5 8.a3 Nc6
9.Qc2 Be7 10.cxd5 Nxd5 11.Nxd5 Qxd5 12.Bd3 e5 13.Bg3 Qa5+ 14.Ke2 Bg4 15.b4 Qb6
16.h3 Bxf3+ 17.gxf3 Rac8 18.Qb1 g6 19.Rc1 a6 20.b5 axb5 21.Qxb5 Qa7 22.Be4 Bd6
23.Bxc6 bxc6 24.Rxc6 Rb8 25.Qd5 Rb2+ 26.Kf1 Bb8 27.a4 e4 28.f4 Qe7 29.Rd1 Qb4
30.Rc4 Qb6 31.Qxe4 Ba7 32.Kg1 Rd8 33.Rxd8+ Qxd8 34.f5 Bb8 35.Bxb8 Qxb8 36.fxg6 hxg6
37.Qd4 Rb1+ 38.Kg2 Qa8+ 39.e4 Rb8 40.Rc7 Qa5 41.Rc5 Qe1 42.Rd5 Kh7 43.Rd7 Kg8
44.Qd5  1-0

[Event "40th Olympiad Open"]
[Site "Istanbul TUR"]
[Date "2012.09.01"]
[Round "5.15"]
[White "Nguyen Ngoc Truong Son"]
[Black "Gagunashvili,M"]
[Result "1/2-1/2"]
[WhiteElo "2639"]
[BlackElo "2578"]

1.d4 d5 2.c4 e6 3.Nc3 Be7 4.Nf3 Nf6 5.Bf4 O-O 6.e3 Nbd7 7.Bd3 c5 8.cxd5 Nxd5
9.Nxd5 exd5 10.dxc5 Qa5+ 11.Qd2 Qxd2+ 12.Kxd2 Nxc5 13.Nd4 Nxd3 14.Kxd3 Bd7
15.Rhc1 Rfc8 16.a3 Bf6 17.Rxc8+ Rxc8 18.Kd2 Bxd4 19.exd4 f6 20.Rc1 Rxc1 21.Kxc1 Kf7
22.Kd2 Ke7 23.Bb8 a5 24.b3 a4 25.bxa4 Bxa4 26.Ba7 Ke6 27.Bc5 Bb5 28.Ke3 Bf1
29.g4 f5 30.g5 g6  1/2-1/2

[Event "40th Olympiad Women"]
[Site "Istanbul TUR"]
[Date "2012.09.01"]
[Round "5.20"]
[White "Golubenko,Valen"]
[Black "Sharevich,A"]
[Result "0-1"]
[WhiteElo "2297"]
[BlackElo "2261"]

1.d4 d5 2.c4 e6 3.Nf3 Nf6 4.Nc3 Be7 5.Bf4 O-O 6.e3 b6 7.Be2 Bb7 8.O-O dxc4
9.Bxc4 c5 10.dxc5 Bxc5 11.Qe2 Qe7 12.e4 Nbd7 13.Bg5 h6 14.Bh4 g5 15.Nxg5 hxg5
16.Bxg5 Ne5 17.Kh1 Nxc4 18.Qxc4 e5 19.f4 Qe6 20.Qd3 exf4 21.Rxf4 Nh7 22.Qg3 Kh8
23.Rh4 f6 24.Bh6 Rf7 25.Qf3 Rg8 26.Nd5 Bxd5 27.exd5 Qe5 28.Rd1 Re8 29.Rf1 Qe2
30.Qf5 Bf2 31.Rxf2 Qe1+ 32.Rf1 Qxh4 33.Bd2 Qe4 34.Qh5 Qe2  0-1

[Event "40th Olympiad Women"]
[Site "Istanbul TUR"]
[Date "2012.09.03"]
[Round "6.49"]
[White "Makhlouf,Y"]
[Black "Ui Laighleis,G"]
[Result "1-0"]
[WhiteElo "1950"]
[BlackElo "1894"]

1.d4 d5 2.c4 e6 3.Nf3 Nf6 4.Nc3 Be7 5.Bf4 O-O 6.Rc1 c6 7.e3 Nbd7 8.a3 Re8
9.Bd3 Nf8 10.cxd5 exd5 11.h3 Ng6 12.Bh2 Bd6 13.O-O Bxh2+ 14.Nxh2 Bd7 15.b4 Ne7
16.b5 cxb5 17.Nxb5 Bxb5 18.Bxb5 Rf8 19.Be2 Rc8 20.Qb3 Rxc1 21.Rxc1 b6 22.Ng4 Ne4
23.Ne5 Nf6 24.Nc6 Qd7 25.Nxe7+ Qxe7 26.Rc6 Rd8 27.Bf3 Ne4 28.Bxe4 Qxe4 29.Rc7 Qe8
30.Rxa7 Qc6 31.Qa4 Qc1+ 32.Kh2 Qc8 33.Re7 h6 34.Qa7 Qb8+ 35.Qxb8 Rxb8 36.Ra7 b5
37.Kg3 g5 38.Rd7 b4 39.axb4 Rb5 40.Kg4 Kg7 41.Rd6 Rxb4 42.Rxd5 Rb2 43.Kf3 Rb6
44.Kg3 Kg6 45.e4 Kf6 46.Kg4 Kg6 47.f3 Rb2 48.Rd6+ Kg7 49.Kg3 Rb7 50.d5 Re7
51.Rc6 Rd7 52.Rc5 f6 53.Kf2 Kf7 54.g3 Ke7 55.f4 Kf7 56.e5 Ke7 57.Ke3 f5 58.d6+ Ke6
59.Rc7 Rxc7 60.dxc7 Kd7 61.c8=Q+ Kxc8 62.Kd4 Kd7 63.Kd5 Ke7 64.h4 gxf4 65.gxf4 Kd7
66.e6+ Ke7 67.Ke5 h5 68.Kxf5  1-0

[Event "40th Olympiad Open"]
[Site "Istanbul TUR"]
[Date "2012.09.03"]
[Round "6.23"]
[White "Ragger,M"]
[Black "Stefansson,H"]
[Result "1-0"]
[WhiteElo "2670"]
[BlackElo "2515"]

1.Nf3 Nf6 2.c4 e6 3.Nc3 d5 4.d4 Be7 5.Bf4 O-O 6.e3 Nbd7 7.c5 c6 8.Bd3 b6
9.b4 a5 10.a3 Bb7 11.O-O Qc8 12.Re1 Ba6 13.Bc2 Bc4 14.Nd2 axb4 15.axb4 Rxa1
16.Qxa1 Qb7 17.Nxc4 dxc4 18.Qa2 b5 19.Ra1 Rc8 20.Qa7 Qxa7 21.Rxa7 Bd8 22.h3 Nf8
23.e4 g6 24.Bd1 Ne8 25.Bf3 g5 26.Bd2 Ng6 27.e5 h6 28.Bxc6  1-0

[Event "40th Olympiad Open"]
[Site "Istanbul TUR"]
[Date "2012.09.03"]
[Round "6.1"]
[White "Sargissian,G"]
[Black "Jakovenko,D"]
[Result "1/2-1/2"]
[WhiteElo "2693"]
[BlackElo "2722"]

1.d4 Nf6 2.c4 e6 3.Nf3 d5 4.Nc3 Be7 5.Bf4 O-O 6.Rc1 c5 7.dxc5 Bxc5 8.e3 Nc6
9.a3 a6 10.cxd5 exd5 11.Bd3 Ba7 12.O-O d4 13.exd4 Nxd4 14.Nxd4 Qxd4 15.Be3 Qh4
16.Bxa7 Rxa7 17.Qa4 Qxa4 18.Nxa4 Be6 19.Be2 Re8 20.Bf3 b5 21.Nc5 Bd5 22.Bxd5 Nxd5
23.Rfd1 Nf4 24.Kf1 h6 25.g3 Ne6 26.Nb3 a5 27.Rd5 Rb8 28.h4 g6 29.h5 g5 30.Rc6 Kg7
31.Nd4 Nxd4 32.Rxd4 a4 33.Rb4 Rab7 34.Kg2 Rb6 35.Rxb6 Rxb6 36.Kf3 f5 37.Ke3 Kf6
38.f4 gxf4+ 39.gxf4 Ke6 40.b3 Ra6 41.Rxb5 axb3 42.Rxb3 Ra4 43.Ke2 Kd5 44.Rb5+ Ke6
45.Rb6+ Kd5 46.Rb5+ Ke6 47.Rb3 Kd5 48.Ke3 Kc5 49.Rd3 Re4+ 50.Kf3 Ra4 51.Kg3 Ra6
52.Rc3+ Kd4 53.Rb3 Kc4 54.Re3 Kd4 55.Kf2 Ra8 56.Ke2 Ra7 57.Rb3 Ra6 58.Kf2 Kc4
59.Rg3 Kd4 60.Re3 Ra8 61.Rb3 Ra7 62.Kg3 Ra6 63.Kh4 Ke4 64.Rb4+ Kf3 65.a4 Ra8
66.Rc4 Ra7 67.Rb4 Ra8 68.Kh3 Ra7  1/2-1/2

[Event "US Chess League 2012"]
[Site "ICC INT"]
[Date "2012.09.04"]
[Round "1"]
[White "Paikidze,N"]
[Black "Fisher,William"]
[Result "1/2-1/2"]
[WhiteElo "2394"]
[BlackElo "2225"]

1.d4 d5 2.Nf3 e6 3.c4 Nf6 4.Nc3 Be7 5.Bf4 O-O 6.e3 Nbd7 7.c5 Nh5 8.Bd3 Nxf4
9.exf4 c6 10.O-O b6 11.b4 a5 12.a3 Qc7 13.g3 axb4 14.axb4 Rxa1 15.Qxa1 Bb7
16.Re1 Ra8 17.Qb1 h6 18.f5 Nf8 19.fxe6 Nxe6 20.Bh7+ Kf8 21.Bf5 bxc5 22.Bxe6 fxe6
23.bxc5 Bf6 24.Rxe6 Bc8 25.Re1 Qa5 26.Qd3 Bg4 27.Ne5 Bxe5 28.Rxe5 Bh3 29.Re1 Kg8
30.Rc1 Qa3 31.Qe3 Kh8 32.Ne2 Qxe3 33.fxe3 Ra2 34.Nf4 Bf5 35.Rf1 Be4 36.Rf2 Ra1+  1/2-1/2

[Event "40th Olympiad Women"]
[Site "Istanbul TUR"]
[Date "2012.09.04"]
[Round "7.38"]
[White "Jalloul,M"]
[Black "Steil Antoni,F"]
[Result "1-0"]
[WhiteElo "1923"]
[BlackElo "2173"]

1.c4 e6 2.Nc3 Nf6 3.Nf3 d5 4.d4 Be7 5.Bf4 c6 6.e3 O-O 7.Rc1 Re8 8.h3 Nbd7
9.a3 Nf8 10.Bd3 Ng6 11.Bh2 Bd6 12.O-O Bxh2+ 13.Kxh2 Qc7+ 14.Kh1 dxc4 15.Bxc4 h6
16.Qc2 Kf8 17.Bd3 Ne7 18.b4 g5 19.Ne5 Kg7 20.f4 Nf5 21.Qf2 Nh5 22.g4 Nhg3+
23.Kg2 Nxf1 24.gxf5 f6 25.Rxf1 fxe5 26.f6+ Kf7 27.fxe5 a5 28.Qf3 Rh8 29.Qh5+ Kf8
30.b5 Bd7 31.Ne4 cxb5 32.Nxg5 Bc6+ 33.Kh2 Qd7 34.Nf3 Qc7 35.Nh4 Be8 36.f7 Bxf7
37.Ng6+ Ke8 38.Bxb5+ Kd8 39.Qh4+ Kc8 40.Nxh8  1-0

[Event "40th Olympiad Open"]
[Site "Istanbul TUR"]
[Date "2012.09.04"]
[Round "7.16"]
[White "Topalov,V"]
[Black "Giri,A"]
[Result "1-0"]
[WhiteElo "2752"]
[BlackElo "2711"]

1.Nf3 d5 2.d4 Nf6 3.c4 e6 4.Nc3 Be7 5.Bf4 O-O 6.e3 Nbd7 7.c5 Ne4 8.Qc2 f5
9.Bd3 c6 10.Ne5 Bf6 11.Nxd7 Bxd7 12.f3 Ng5 13.Bxg5 Bxg5 14.f4 Be7 15.a3 b6
16.b4 g5 17.g3 Kh8 18.Be2 gxf4 19.gxf4 Rg8 20.Kd2 Qf8 21.Rag1 bxc5 22.bxc5 Rb8
23.Rb1 Rxb1 24.Rxb1 e5 25.dxe5 Bxc5 26.Rb7 Bc8 27.Rb8 d4 28.exd4 Qh6 29.Qa4 Bb6
30.Kc2 Be6 31.Rb7 Qxf4 32.Rxb6 axb6 33.Qxc6 Rg6 34.d5 Bg8 35.e6 Qe5 36.Qxb6 Rg2
37.Kd3 Rxh2 38.Qd4 Rh3+ 39.Kc4 Qxd4+ 40.Kxd4 Kg7 41.e7 Bf7 42.d6 Rh4+ 43.Ke5 Be8
44.Bb5 Bxb5 45.Nxb5 Kf7 46.Nc7 Re4+ 47.Kxf5 Re1 48.a4  1-0

[Event "40th Olympiad Open"]
[Site "Istanbul TUR"]
[Date "2012.09.04"]
[Round "7.9"]
[White "Mchedlishvili,M"]
[Black "Adams,Mi"]
[Result "1/2-1/2"]
[WhiteElo "2659"]
[BlackElo "2722"]

1.d4 Nf6 2.c4 e6 3.Nf3 d5 4.Nc3 Be7 5.Bf4 O-O 6.e3 Nbd7 7.a3 c5 8.cxd5 Nxd5
9.Nxd5 exd5 10.dxc5 Nxc5 11.Be5 Bf6 12.Bxf6 Qxf6 13.Qd4 Qd6 14.Rd1 Rd8 15.b4 Ne6
16.Qb2 a5 17.Bd3 axb4 18.axb4 Bd7 19.O-O Ra4 20.Rb1 Rda8 21.Qd2 Ra2 22.Rb2 R2a3
23.Rd1 g6 24.h3 Ba4 25.Bc2 Bxc2 26.Rxc2 Rb3 27.Rb2 Raa3 28.Nd4 Nxd4 29.Qxd4 h5
30.e4 Rxb2 31.Qxb2 Ra4 32.Rd4 Qe5 33.exd5 Ra2 34.Qxa2 Qe1+ 35.Kh2 Qe5+ 36.Kg1 Qe1+  1/2-1/2

[Event "40th Olympiad Women"]
[Site "Istanbul TUR"]
[Date "2012.09.04"]
[Round "7.9"]
[White "Khademalsharieh,S"]
[Black "Kochetkova,J"]
[Result "1/2-1/2"]
[WhiteElo "2270"]
[BlackElo "2305"]

1.d4 d5 2.c4 e6 3.Nc3 Be7 4.Nf3 Nf6 5.Bf4 O-O 6.e3 b6 7.Bd3 Bb7 8.cxd5 exd5
9.O-O Nbd7 10.h3 Ne4 11.Rc1 Nxc3 12.Rxc3 c5 13.dxc5 Nxc5 14.Be5 Bf6 15.Bd4 Qd6
16.Qe2 Rac8 17.Rfc1 g6 18.Bxf6 Qxf6 19.Nd4 Rfe8 20.b4 Ne6 21.Qf3 Rxc3 22.Rxc3 Qe5
23.Bb5 Rf8 24.Qd1 Nxd4 25.Qxd4 Qxd4 26.exd4 Rc8 27.Ra3 Ra8 28.Kf1 Kf8 29.Ke2 Ke7
30.h4 Kd6 31.Kd2 Bc8 32.Be2 a5 33.h5 Bb7 34.bxa5 Rxa5 35.Rxa5 bxa5 36.Bd3 Ke6
37.f4 Bc6 38.Ke3 f5 39.hxg6 hxg6 40.Kd2 Ba4 41.Be2 Bd7  1/2-1/2

[Event "40th Olympiad Open"]
[Site "Istanbul TUR"]
[Date "2012.09.05"]
[Round "8.23"]
[White "Amanov,M"]
[Black "Topalov,V"]
[Result "0-1"]
[WhiteElo "2516"]
[BlackElo "2752"]

1.d4 Nf6 2.c4 e6 3.Nf3 d5 4.Nc3 Be7 5.Bf4 O-O 6.e3 Nbd7 7.c5 Ne4 8.Bd3 f5
9.Ne5 Bf6 10.Nxd7 Bxd7 11.O-O g5 12.Bxe4 gxf4 13.Bd3 fxe3 14.fxe3 Kh8 15.Ne2 c6
16.Kh1 Qe7 17.Qb3 Rab8 18.Qa4 a6 19.Qa5 Bg5 20.Qc7 Rfc8 21.Qg3 Rg8 22.Qh3 Rbf8
23.b4 Rf6 24.Rae1 Rh6 25.Qf3 Be8 26.Nf4 Bh4 27.Rb1 Bg3 28.h3 Qh4 29.Be2 Rg4
30.Rb3 Bh5 31.Nxh5 Rxh5 32.e4 Rhg5 33.exf5 Rf4 34.Qe3 Re4 35.fxe6 Rxe3 36.Rxe3 Qxd4
37.Rf8+ Rg8 38.Rxg8+ Kxg8 39.Rxg3+ Kf8 40.Rf3+ Ke7 41.a3 Qb2 42.Rf2 h5 43.Kg1 Qc1+
44.Rf1 Qe3+ 45.Rf2 d4 46.Bxh5 Kxe6 47.Bf3 d3 48.h4 Qe1+ 49.Rf1 d2 50.Bg4+ Ke5
51.h5 Kd4 52.Bd1 Kc3 53.g4 Qg3+ 54.Kh1 Kb2 55.a4 Ka2 56.Be2 Qe1  0-1

[Event "11th Istanbul Open A"]
[Site "Istanbul TUR"]
[Date "2012.09.06"]
[Round "7"]
[White "Sriram,J"]
[Black "Maghalashvili,Da"]
[Result "1/2-1/2"]
[WhiteElo "2428"]
[BlackElo "2482"]

1.d4 d5 2.c4 e6 3.Nc3 Be7 4.Nf3 Nf6 5.Bf4 O-O 6.e3 Nbd7 7.a3 c5 8.cxd5 Nxd5
9.Nxd5 exd5 10.dxc5 Nxc5 11.Be5 Bf6 12.Be2 Bf5 13.O-O  1/2-1/2

[Event "40th Olympiad Open"]
[Site "Istanbul TUR"]
[Date "2012.09.06"]
[Round "9.5"]
[White "Fressinet,L"]
[Black "Ponomariov,R"]
[Result "1/2-1/2"]
[WhiteElo "2714"]
[BlackElo "2734"]

1.d4 Nf6 2.c4 e6 3.Nf3 d5 4.Nc3 Be7 5.Bf4 O-O 6.e3 Nbd7 7.c5 Ne4 8.Qc2 f5
9.Ne5 Bf6 10.Nxd7 Bxd7 11.f3 Ng5 12.Bxg5 Bxg5 13.f4 Bf6 14.b4 g5 15.g3 Kh8
16.Be2 Rg8 17.O-O-O b6 18.Ba6 Rb8 19.Rhg1 Qe7 20.a3 Qg7 21.Ne2 c6 22.Qc3 gxf4
23.exf4 Bc8 24.Bxc8 Rgxc8 25.Kc2 a5 26.Rb1 Qa7 27.Kd3 Rb7 28.Rb2 axb4 29.axb4 bxc5
30.bxc5 Rxb2  1/2-1/2

[Event "40th Olympiad Open"]
[Site "Istanbul TUR"]
[Date "2012.09.06"]
[Round "9.35"]
[White "Kosic,D"]
[Black "Waqar,A"]
[Result "1-0"]
[WhiteElo "2526"]
[BlackElo "2062"]

1.d4 Nf6 2.Nf3 d5 3.c4 e6 4.Nc3 Be7 5.Bf4 c6 6.e3 Nbd7 7.h3 O-O 8.Rc1 a6
9.cxd5 Nxd5 10.Bg3 Nxc3 11.bxc3 Qa5 12.Qc2 c5 13.Bd3 h6 14.O-O Nf6 15.Ne5 Bd7
16.Bh4 Qd8 17.e4 Rc8 18.d5 Nxd5 19.exd5 Bxh4 20.Rcd1 Kh8 21.Be4 Be8 22.dxe6 Qc7
23.Nxf7+ Bxf7 24.Rd7 Qb6 25.exf7 Rc7 26.Rxc7 Qxc7 27.Bg6 c4 28.Re1 Be7 29.Qe4 Bc5
30.Qf5 b5 31.Re8 Ba3 32.Qe4 Qd6 33.Qa8 Qd1+ 34.Kh2 Qd6+ 35.g3 Bc5 36.Rxf8+ Qxf8
37.Qxa6 Qb8 38.Qc6 Bf8 39.Kg2 Qe5 40.Qe8 Qc5 41.Qe6 Qd6 42.Qxd6 Bxd6 43.Kf3 h5
44.Ke4 h4  1-0

[Event "40th Olympiad Open"]
[Site "Istanbul TUR"]
[Date "2012.09.07"]
[Round "10.11"]
[White "Kasimdzhanov,R"]
[Black "Topalov,V"]
[Result "1-0"]
[WhiteElo "2684"]
[BlackElo "2752"]

1.d4 Nf6 2.c4 e6 3.Nf3 d5 4.Nc3 Be7 5.Bf4 O-O 6.e3 Nbd7 7.Be2 dxc4 8.O-O c5
9.dxc5 Nxc5 10.Bxc4 Bd7 11.Ne5 Be8 12.Be2 Rc8 13.Rc1 h6 14.h3 Qxd1 15.Rfxd1 g5
16.Bg3 Kg7 17.Bf3 b6 18.Ne2 Rd8 19.Nd4 a5 20.Nc4 Nfe4 21.Be5+ Bf6 22.Bxe4 Nxe4
23.Nxe6+  1-0

[Event "40th Olympiad Women"]
[Site "Istanbul TUR"]
[Date "2012.09.07"]
[Round "10.33"]
[White "Sultana,S"]
[Black "Lowry O'Reilly,H"]
[Result "1-0"]
[WhiteElo "2002"]
[BlackElo "1818"]

1.d4 d5 2.c4 e6 3.Nc3 Nf6 4.Nf3 Be7 5.Bf4 c6 6.e3 O-O 7.Bd3 Nbd7 8.O-O h6
9.Rc1 b6 10.cxd5 exd5 11.Ne5 Nxe5 12.dxe5 Nd7 13.Qh5 Bg5 14.Bg3 Be7 15.Rfd1 Nc5
16.Bb1 Qd7 17.b4 Nb7 18.Rd4 Qe6 19.Rf4 f5 20.exf6 Rxf6 21.Rd4 Qf7 22.Qe2 Bd7
23.e4 Re6 24.Qa6 Nd6 25.exd5 cxd5 26.Nxd5 Nb5 27.Rdd1 Qh5 28.Nf4 Qe8 29.Nxe6 Bxe6
30.Qb7 Bxb4 31.Qe4 Ba3 32.Qh7+ Kf8 33.Bg6 Bf7 34.Qh8+ Ke7 35.Bh4+  1-0

[Event "9th LGA Premium Cup"]
[Site "Nuernberg GER"]
[Date "2012.09.07"]
[Round "2.25"]
[White "Svane,R"]
[Black "Klek,H"]
[Result "1/2-1/2"]
[WhiteElo "2397"]
[BlackElo "2214"]

1.d4 d5 2.c4 e6 3.Nc3 Be7 4.Nf3 Nf6 5.Bf4 O-O 6.e3 b6 7.Rc1 Bb7 8.cxd5 Nxd5
9.Nxd5 Qxd5 10.a3 c5 11.Bc4 Qh5 12.Be2 Qd5 13.O-O Bf6 14.Bc4 Qh5 15.Ne5 Qxd1
16.Rfxd1 cxd4 17.exd4 Rd8 18.Bb3 Bxe5 19.dxe5 Nc6 20.Rd6 Nd4 21.Rc7 Ne2+
22.Kf1 Nxf4 23.Rxb7 Rdb8 24.Rxb8+ Rxb8 25.g3 Ng6 26.f4 Nf8 27.Ke2 g6 28.Ba4 Kg7
29.Bc6 Rc8 30.b4 g5 31.Ke3 Ng6 32.b5 gxf4+ 33.gxf4 Ne7 34.Kd3 Rc7 35.Be4 Ng6
36.Rc6 Rd7+ 37.Ke3 Ne7 38.Rc1 Ng6 39.Rc6 Ne7 40.Rc1 Ng6 41.a4 f6 42.Bxg6 Kxg6
43.Ke4 f5+ 44.Ke3 Kh5 45.Rc8 Re7 46.Kf3 Kh4 47.Rg8 Kh5 48.Rg5+ Kh4 49.Rg8 Kh5
50.Rf8 Kg6 51.Ke3 Kg7 52.Rc8 Rd7 53.h3 Kf7 54.Rc6 Ke7 55.Rc8 Kf7 56.Rc1 Ke7
57.Rc6 Kf7 58.h4 Ke7 59.Rc1 Kf7 60.Rc8 Kg7 61.Re8 Kf7 62.Rh8 Kg7 63.Rc8 Kg6
64.Rf8 Kg7 65.Ra8 Kg6 66.Re8 Kf7 67.Rc8 Kg6 68.Rf8 Kg7 69.Rc8 Kg6  1/2-1/2

[Event "9th LGA Premium Cup"]
[Site "Nuernberg GER"]
[Date "2012.09.07"]
[Round "2.49"]
[White "Richter,Ch"]
[Black "Bingert,Tim Niklas"]
[Result "1-0"]
[WhiteElo "2362"]
[BlackElo "1931"]

1.d4 d5 2.Nf3 Nf6 3.c4 e6 4.Nc3 Be7 5.Bf4 O-O 6.e3 Nbd7 7.a3 c5 8.cxd5 Nxd5
9.Nxd5 exd5 10.dxc5 Nxc5 11.Be2 Bg4 12.Be5 Ne6 13.h3 Bh5 14.O-O Rc8 15.Qb3 Nc5
16.Qa2 f6 17.Bd4 a6 18.Rac1 Qd7 19.Rc3 Bf7 20.Qb1 Bg6 21.Qd1 Ne4 22.Rxc8 Rxc8
23.Nh4 Bf7 24.Bd3 Rc6 25.Bb1 g6 26.Nf3 Qc8 27.Ba2 Rc2 28.Bb3 Rc6 29.Qb1 b5
30.Rd1 a5 31.a4 bxa4 32.Bxa4 Rc4 33.Bb3 Rc6 34.Qa2 Rc1 35.Qxa5 Rxd1+ 36.Bxd1 Qc1
37.Qe1 Bb4 38.Qf1 Be8 39.Bb3 Qc6 40.Qd1 Bf7 41.Ne1 g5 42.Nd3 Bd6 43.Ba4 Qc7
44.Qc1 Qa5 45.Bd7 Kg7 46.Ne1 Qa6 47.Nf3 Qe2 48.Qf1 Qc2 49.Bb5 Qb3 50.Bd3 h5
51.Bxe4 dxe4 52.Nxg5 Bd5 53.f3 exf3 54.Nxf3 Bc4 55.Qe1 Qd3 56.Nd2 Bd5 57.Qf2 Qg6
58.e4 Be6 59.Qe3 Kh7 60.Kf2 Bb4 61.Nf3 Bc4 62.Qf4 Be7 63.Qc7 Qf7 64.Bc5 Bxc5+
65.Qxc5  1-0

[Event "XVI BCC Open"]
[Site "Cesenatico ITA"]
[Date "2012.09.08"]
[Round "8"]
[White "Cocconcelli,Lorenzo"]
[Black "Dittmar,P"]
[Result "1/2-1/2"]
[WhiteElo "2017"]
[BlackElo "2332"]

1.d4 Nf6 2.c4 e6 3.Nf3 d5 4.Nc3 Be7 5.Bf4 O-O 6.h3 dxc4 7.e4 Bb4 8.Bg5 h6
9.Bxf6 Qxf6 10.Bxc4 c5 11.e5 Qe7 12.Qe2 cxd4 13.Nxd4 Rd8 14.Nf3 Nd7 15.Rc1 Nb6
16.Bd3 Nd5 17.g3 Bd7 18.O-O Bxc3 19.bxc3 Rac8 20.c4 Nb4 21.Be4 Bc6 22.Bxc6 Nxc6
23.Rfd1 Qc5 24.g4 g6 25.Qe4 Qa3 26.Qf4 Rd3 27.Rxd3 Qxd3 28.Kg2 g5 29.Qf6 Nd4
30.Nxd4 Qxd4 31.Qxh6 Qe4+ 32.Kg1 Qxe5 33.h4 gxh4 34.Qxh4 b5 35.g5 bxc4 36.Rxc4 Rxc4
37.Qxc4 Qxg5+ 38.Kf1 Qd5 39.Qg4+ Kf8 40.Qb4+ Kg7 41.Qg4+ Kf6 42.Qf4+ Kg6
43.Qg3+ Qg5 44.Qd3+ Qf5  1/2-1/2

[Event "TCh-HUN 2012-13"]
[Site "Nagykanizsa HUN"]
[Date "2012.09.16"]
[Round "1"]
[White "Lenic,L"]
[Black "Izsak,Gyu"]
[Result "1-0"]
[WhiteElo "2640"]
[BlackElo "2471"]

1.c4 e6 2.d4 Nf6 3.Nc3 d5 4.Nf3 Be7 5.Bf4 c6 6.e3 Nbd7 7.Bd3 O-O 8.O-O Nh5
9.c5 Nxf4 10.exf4 b6 11.b4 a5 12.a3 g6 13.Qe2 Bb7 14.g3 axb4 15.axb4 Qc7
16.h4 Rxa1 17.Rxa1 Bf6 18.Ra3 Ra8 19.Rxa8+ Bxa8 20.Qa2 Qb8 21.Nd1 Bb7 22.Ne3 b5
23.Ng4 Bg7 24.Nfe5 Nxe5 25.fxe5 Qa8 26.Nf6+ Kh8 27.Qd2 Qd8 28.Qf4 Bc8 29.h5 Qf8
30.g4 Bxf6 31.exf6 Bd7 32.Kh2 Kg8 33.Qc7 Qe8 34.Kg3 h6 35.Qe5 Kh7 36.Qf4 Qf8
37.Qc7 Qe8 38.Kf4 e5+ 39.Qxe5 Be6 40.g5 hxg5+ 41.Kxg5  1-0

[Event "FIDE WGP Ankara 2012"]
[Site "Ankara TUR"]
[Date "2012.09.18"]
[Round "3"]
[White "Ozturk,Ku"]
[Black "Munguntuul,B"]
[Result "1/2-1/2"]
[WhiteElo "2294"]
[BlackElo "2434"]

1.d4 d5 2.c4 e6 3.Nc3 Nf6 4.Nf3 Be7 5.Bf4 O-O 6.e3 Nbd7 7.c5 Nh5 8.Bd3 Nxf4
9.exf4 b6 10.b4 a5 11.a3 c6 12.O-O Qc7 13.g3 Ba6 14.Re1 Bxd3 15.Qxd3 Bf6
16.h4 axb4 17.axb4 bxc5 18.bxc5 h5 19.Ng5 Bxg5 20.hxg5 Rxa1 21.Rxa1 g6 22.Kg2 Kg7
23.Ne2 Rb8 24.Qd2 Qb7 25.Ng1 Ra8 26.Ra5 Ra6 27.Qa2 Rxa5 28.Qxa5 e5 29.fxe5 Qb1
30.Nf3 Nf8 31.Qe1 Qf5 32.Qe3 Ne6 33.Kf1 Qb1+ 34.Kg2 Qf5 35.Kf1 Qb1+ 36.Kg2 Qf5  1/2-1/2